000 00589nam a22001817a 4500
005 20251108174937.0
008 250721s2008 xx 000 0 ara d
082 1 4 _a881.093/أشه
100 1 _aعادل، ايمن
_eمترجم
245 1 0 _aأشهر الملاحم في التاريخ الألياذة الاوديسة /
264 1 _aالجيزة :
_bدار مشارق للتوزيع والنشر،
_c2008.
300 _a213ص.
650 1 7 _aالأدب اليوناني
650 1 7 _aالملاحم
650 1 7 _aالشعر الملحمي
942 _2ddc
_cBK
999 _c122142
_d122142